000 00264nam a22001217a 4500
020 _aNA
082 _222
_a518.02462
100 _aGrewal, B. S.
245 _aNumerical methods /
260 _bKhanna Publishers,
_cc2004.
300 _a0
_bill. ;
942 _2ddc
_cMATHS
999 _c3964
_d3964